000 00768pam a2200229 i 4500
999 _c2666
_d2666
003 OSt
005 20210716063303.0
008 800828r19811973nyua 001 0 eng
020 _a0070571767 :
040 _cALUPE UNIVERSITY
050 0 0 _aQD61
_b.S58 1981
245 0 0 _aChemical technicians' ready reference handbook /
_cGershon J. Shugar ... [et al.].
250 _a2d ed.
260 _aNew York :
_bMcGraw-Hill,
_cc1981.
300 _axxii, 867 p. :
_bill. ;
_c24 cm.
500 _aFirst ed. (1973) by G. J. Shugar, R. A. Shugar, and L. Bauman.
500 _aIncludes index.
650 0 _aChemistry
_xManipulation
_xHandbooks, manuals, etc.
700 1 _aShugar, Gershon J.,
_d1918-
906 _a7
_bcbc
_corignew
_d1
_eocip
_f19
_gy-gencatlg
942 _2lcc
_cREF
_nJO